书目信息 |
| 题名: |
无机化学实验
|
|
| 作者: | 巴列金 著 ;南开大学无机化学教研组 译 | |
| 分册: | ||
| 出版信息: | 北京 高等教育出版社 1956 |
|
| 页数: | 264页 | |
| 开本: | 20cm | |
| 丛书名: | ||
| 单 册: | ||
| 中图分类: | O61-3 | |
| 科图分类: | ||
| 主题词: | 无机化学 | |
| 电子资源: | ||
| ISBN: | ||
| 000 | 00737nam0 2200229 450 | |
| 001 | 0659424576 | |
| 005 | 20060816093745.42 | |
| 010 | @dCNY0.95 | |
| 100 | @a20060725d1956 km y0chiy0120 ea | |
| 101 | 0 | @achi@crus |
| 102 | @aCN@b110000 | |
| 102 | @aCN@b110000 | |
| 200 | 1 | @a无机化学实验@Awu ji hua xue shi yan@fC·A·巴列金等著@FC·A·ba lie jin deng zhu@g南开大学无机化学教研组译@Gnan kai da xue wu ji hua xue jiao yan zu yi |
| 205 | @a新1版 | |
| 210 | @a北京@c高等教育出版社@d1956 | |
| 215 | @a264页@d20cm | |
| 606 | 0 | @a无机化学 |
| 690 | @aO61-3@v3 | |
| 701 | 0 | @a巴列金@Aba lie jin@4著 |
| 712 | 0 | @a南开大学无机化学教研组@Anan kai da xue wu ji hua xue jiao yan zu@4译 |
| 801 | 0 | @aCN@bPFT@c20060816 |
| 905 | @a10447@dO61-3@e96 | |
| 无机化学实验/C·A·巴列金等著/南开大学无机化学教研组译.-新1版.-北京:高等教育出版社,1956 |
| 264页;20cm |
| ISBN :CNY0.95 |
| ● |
| 相关链接 |
|
|
|
|
正题名:无机化学实验
索取号:O61-3/96
 
预约/预借
| 序号 | 登录号 | 条形码 | 馆藏地/架位号 | 状态 | 备注 |
| 1 | 0433113 | 204331133 | 密集书库/ [索取号:O61-3/96] | 在馆 | |
| 2 | 0433114 | 204331142 | 密集书库/ [索取号:O61-3/96] | 在馆 | |
| 3 | 0433115 | 204331151 | 密集书库/ [索取号:O61-3/96] | 在馆 | |
| 4 | 0434423 | 204344236 | 密集书库/ [索取号:O61-3/96] | 在馆 | |
| 5 | 0461811 | 204618119 | 密集书库/ [索取号:O61-3/96] | 在馆 |